| 000 | 01066cam a2200265 i 4500 | ||
|---|---|---|---|
| 005 | 20260428085908.0 | ||
| 008 | 250721s1997 jo gr 000 0 ara d | ||
| 082 | 1 | 4 |
_a502.8 _bش و ا |
| 100 | 1 |
_aشواهين، خير _eمؤلف. |
|
| 245 | 1 | 0 |
_aثلاثمائة تجربة بإستخدام جهاز العرض العلوي وخامات البيئة / _cتأليف خير الشواهين. |
| 250 | _aالطبعة الثانية، منقحة ومزيدة. | ||
| 264 | 3 | 1 |
_aعمان : _c1997. _bمكتبة الامل للنشر والتوزيع. |
| 300 | _a496 صفحة. | ||
| 490 | 0 |
_aطرق حديثة في التجريب العملي ؛ _vالرقم 1 . |
|
| 650 | 1 | 7 | _aأجهزة العرض. |
| 650 | 1 | 7 | _aالأجهزة. |
| 650 | 1 | 7 | _aالأدوات. |
| 650 | 1 | 7 | _aالتجارب المخبرية. |
| 650 | 1 | 7 | _aالفيزياء. |
| 650 | 1 | 7 | _aالتجارب. |
| 650 | 1 | 7 | _aالتكنولوجيا. |
| 830 | 0 | _aطرق حديثة في التجريب العملي. | |
| 942 |
_2ddc _cBK |
||
| 999 |
_c62330 _d62330 |
||